000 00538nam a2200193Ia 4500
005 20250326140606.0
008 250326s9999 xx 000 0 und d
020 _a81-203-1216-3
037 _aTextbook
040 _aFMSL
_beng
_cFMSL
041 _aeng
_2eng
084 _aX:89A N7
_qFMSL
100 _aChitale A K
245 0 _aProduct design and manufacturing
_cChitale A K; Gupta R C
260 _aNew Delhi
_bNew Delhi, Prentice Hall
_c1999
300 _a341p
942 _cTB
_hX:89A N7
999 _c1286459
_d1286459